Capitals by Region - Statistics

General Stats
  • This quiz has been taken 10 times
  • The average score is 19 of 30
Answer Stats
Capital Region/State/Sudv % Correct
17) Sacramento California
100%
23) Tallahassee Florida
100%
21) Toronto Ontario
100%
12) Austin Texas
100%
20) Raleigh North Carolina
90%
2) Edmonton Alberta
80%
4) Seville Andalusia
80%
3) Munich Bavaria
80%
7) Barcelona Catalonia
80%
25) Nuuk Greenland
80%
1) Milan Lombardy
80%
27) Helena Montana
80%
26) Regina Saskatchewan
80%
8) Florence Tuscany
80%
10) Denpasar Bali
70%
24) Sapporo Hokkaido
70%
6) Iqaluit Nunavut
70%
22) Palermo Sicily
70%
13) Melbourne Victoria
70%
18) Rennes Brittany
60%
5) Lahore Punjab
60%
16) Grozny Chechnya
50%
28) Medan Sumatra
50%
29) Guadalajara Jalisco
40%
30) Fortaleza Ceara
30%
14) Chennai Tamil Nadu
30%
11) Xian Shaanxi
20%
15) Wroclaw Lower Silesia
10%
9) Bellinzona Ticino
10%
19) Lausanne Vaud
10%
No matching quizzes found
Score Distribution
Percent of People with Each Score
Percentile by Number Answered
Your Score History
You have not taken this quiz